| 000 | 00718nam a22002417a 4500 | ||
|---|---|---|---|
| 999 |
_c29918 _d29918 |
||
| 003 | CUTN | ||
| 005 | 20190821124031.0 | ||
| 008 | 190821b ||||| |||| 00| 0 eng d | ||
| 020 | _a9788130716626 | ||
| 041 | _aEnglish | ||
| 082 |
_a373 _bMON |
||
| 100 | _aMonroe,Paul, | ||
| 245 |
_aEncyclopaedia of Secondary Education/ _cPaul Monroe. |
||
| 260 |
_aNew Delhi : _bCosmo Publication , _c2015 . |
||
| 300 |
_a2 Volume : _bill ; |
||
| 500 | _aEncyclopaedias | ||
| 505 |
_tVOLUME 1: Meaning and scope of secondary education. _tVOLUME 2: The classical languages and literatures. |
||
| 650 | _aHigh schools. | ||
| 650 | _aEducation, Secondary. | ||
| 650 | _aEducation | ||
| 650 | _aSecondary. | ||
| 942 |
_2ddc _cRB |
||